000 00737nam a2200253Ia 4500
003 OSt
005 20220928103725.0
006 a|||||r|||| 00| 0
007 ta
008 220927b |||||||| |||| 00| 0 eng d
020 _c395
024 _a105284
037 _b190, 06/01/2010, Swaraj Prakashan
_cTextual
040 _aSDCL
_cSDCL
_beng
041 _2eng
_aeng
082 _aO152 , 3NMPw,1, P9.1
100 _aMandave Pardeep
_9406779
245 0 _aMahaneech ki atmkatha.
260 _aDelhi
_bYash Publications
_c2009
300 _a240p
_ccm.
650 _aHindi
_9391598
942 _hO152 , 3NMPw,1, P9.1
_cTEXL
_2CC
999 _c722313
_d722313